College Football Color-Swap: ACC - Statistics

General Stats
  • This quiz has been taken 89 times
  • The average score is 17 of 18
Answer Stats
Question Answer % Correct
Choose the correct logo:
100%
Choose the correct logo:
100%
Choose the correct logo:
98%
Choose the correct logo:
98%
Choose the correct logo:
98%
Choose the correct logo:
98%
Choose the correct logo:
98%
Choose the correct logo:
96%
Choose the correct logo:
96%
Choose the correct logo:
96%
Choose the correct logo:
93%
Choose the correct logo:
91%
Choose the correct logo:
91%
Choose the correct logo:
91%
Choose the correct logo:
89%
Choose the correct logo:
87%
Choose the correct logo:
78%
Choose the correct logo:
74%
No matching quizzes found
Score Distribution
Percent of People with Each Score
Percentile by Number Answered
Your Score History
You have not taken this quiz